{"text_format":"3","workbook":"xlsx","n_sheets":2,"sheets":["list","data"],"read":"whole","date_system":"1900"}

{"sheet":"list","index":0,"n_rows":115,"n_cols":17,"rows_kept":115}
["№","СНИЛС","Фамлия","Имя","Отчество","Пол","Дата рождения","Участник с ОВЗ","Класс","Класс участия","Балл","Макс. Балл","Статус","Призер МЭ прошлого года","Учитель","Место работы учителя","Направление, вид практики по технологии"]
[1,2,3,4,5,6,7,8,9,10,11,12,13,14,15,16,17]
[1,15990160592,"Ганиева","Арина","Фанисовна","ж","2007-02-24",null,10,10,22,100,"участник",null,"Галимуллина Римма Кадымовна","Муниципальное бюджетное общеобразовательное учреждение \"Средняя общеобразовательная школа №12\" города Набережные Челны Республики Татарстан"]
[2,18072038958,"Гильмеева","Лейла","Валерьевна","ж","2006-12-21",null,10,10,16,100,"участник",null,"Галимуллина Римма Кадымовна","Муниципальное бюджетное общеобразовательное учреждение \"Средняя общеобразовательная школа №12\" города Набережные Челны Республики Татарстан"]
[3,15960549400,"Будулич","Милослава","Андреевна","ж","2007-01-20",null,10,10,22,100,"участник",null,"Галимуллина Римма Кадымовна","Муниципальное бюджетное общеобразовательное учреждение \"Средняя общеобразовательная школа №12\" города Набережные Челны Республики Татарстан"]
[4,16048647171,"Киляшов","Егор","Витальевич","м","2007-12-29",null,10,10,0,100,"участник",null,"Галимуллина Римма Кадымовна","Муниципальное бюджетное общеобразовательное учреждение \"Средняя общеобразовательная школа №12\" города Набережные Челны Республики Татарстан"]
[5,14788678845,"Масалева","Вероника","Сергеевна","ж","2007-03-18",null,10,10,12,100,"участник",null,"Галимуллина Римма Кадымовна","Муниципальное бюджетное общеобразовательное учреждение \"Средняя общеобразовательная школа №12\" города Набережные Челны Республики Татарстан"]
[6,17420279755,"Раджабов","Бежан","Русланович","м","2007-08-06",null,10,10,32,100,"участник",null,"Галимуллина Римма Кадымовна","Муниципальное бюджетное общеобразовательное учреждение \"Средняя общеобразовательная школа №12\" города Набережные Челны Республики Татарстан"]
[7,15492089890,"Салимов","Ренат","Ильназович","м","2007-09-26",null,10,10,0,100,"участник",null,"Галимуллина Римма Кадымовна","Муниципальное бюджетное общеобразовательное учреждение \"Средняя общеобразовательная школа №12\" города Набережные Челны Республики Татарстан"]
[8,14893192100,"Саляхов","Динарт","Ренатович","м","2007-12-20",null,10,10,8,100,"участник",null,"Галимуллина Римма Кадымовна","Муниципальное бюджетное общеобразовательное учреждение \"Средняя общеобразовательная школа №12\" города Набережные Челны Республики Татарстан"]
[9,15717559899,"Старшова","Мария","Денисовна","ж","2007-06-18",null,10,10,24,100,"участник",null,"Галимуллина Римма Кадымовна","Муниципальное бюджетное общеобразовательное учреждение \"Средняя общеобразовательная школа №12\" города Набережные Челны Республики Татарстан"]
[10,14646573891,"Епифанов","Никита","Анатольевич","м","2007-03-12",null,10,10,32,100,"участник",null,"Галимуллина Римма Кадымовна","Муниципальное бюджетное общеобразовательное учреждение \"Средняя общеобразовательная школа №12\" города Набережные Челны Республики Татарстан"]
[11,16127391051,"Вальковский","Максим","Александрович","м","2007-01-29",null,10,10,32,100,"участник",null,"Галимуллина Римма Кадымовна","Муниципальное бюджетное общеобразовательное учреждение \"Средняя общеобразовательная школа №12\" города Набережные Челны Республики Татарстан"]
[12,15921261460,"Васильев","Тимур","Александрович","м","2008-01-29",null,9,9,16,100,"участник",null,"Галимуллина Римма Кадымовна","Муниципальное бюджетное общеобразовательное учреждение \"Средняя общеобразовательная школа №12\" города Набережные Челны Республики Татарстан"]
[13,16329322056,"Габбасов","Булат","Ильдусович","м","2008-05-11",null,9,9,36,100,"участник",null,"Галимуллина Римма Кадымовна","Муниципальное бюджетное общеобразовательное учреждение \"Средняя общеобразовательная школа №12\" города Набережные Челны Республики Татарстан"]
[14,16048719978,"Дождиков","Ислам","Русланович","м","2008-06-08",null,9,9,10,100,"участник",null,"Галимуллина Римма Кадымовна","Муниципальное бюджетное общеобразовательное учреждение \"Средняя общеобразовательная школа №12\" города Набережные Челны Республики Татарстан"]
[15,17224127741,"Ибрагимов","Ильяс","Флюрович","м","2008-07-24",null,9,9,4,100,"участник",null,"Галимуллина Римма Кадымовна","Муниципальное бюджетное общеобразовательное учреждение \"Средняя общеобразовательная школа №12\" города Набережные Челны Республики Татарстан"]
[16,16446878915,"Магданурова","Азалия","Алмазовна","ж","2008-09-21",null,9,9,13,100,"участник",null,"Галимуллина Римма Кадымовна","Муниципальное бюджетное общеобразовательное учреждение \"Средняя общеобразовательная школа №12\" города Набережные Челны Республики Татарстан"]
[17,17380723679,"Теницкая","Ралина","Дмитриевна","ж","2008-10-07",null,9,9,32,100,"участник",null,"Галимуллина Римма Кадымовна","Муниципальное бюджетное общеобразовательное учреждение \"Средняя общеобразовательная школа №12\" города Набережные Челны Республики Татарстан"]
[18,16139485177,"Хабибуллина","Ландыш","Фанисовна","ж","2008-01-05",null,9,9,15,100,"участник",null,"Галимуллина Римма Кадымовна","Муниципальное бюджетное общеобразовательное учреждение \"Средняя общеобразовательная школа №12\" города Набережные Челны Республики Татарстан"]
[19,18227465986,"Шакирова","Алина","Тимуровна","ж","2008-08-04",null,9,9,30,100,"участник",null,"Галимуллина Римма Кадымовна","Муниципальное бюджетное общеобразовательное учреждение \"Средняя общеобразовательная школа №12\" города Набережные Челны Республики Татарстан"]
[20,15059270456,"Арбузов","Андрей","Александрович","м","2008-04-18",null,9,9,18,100,"участник",null,"Галимуллина Римма Кадымовна","Муниципальное бюджетное общеобразовательное учреждение \"Средняя общеобразовательная школа №12\" города Набережные Челны Республики Татарстан"]
[21,17129983902,"Борисов","Кирилл","Васильевич","м","2008-06-17",null,9,9,3,100,"участник",null,"Галимуллина Римма Кадымовна","Муниципальное бюджетное общеобразовательное учреждение \"Средняя общеобразовательная школа №12\" города Набережные Челны Республики Татарстан"]
[22,18238903288,"Гильмиярова","Диляра","Тагировна","ж","2008-12-15",null,9,9,5,100,"участник",null,"Галимуллина Римма Кадымовна","Муниципальное бюджетное общеобразовательное учреждение \"Средняя общеобразовательная школа №12\" города Набережные Челны Республики Татарстан"]
[23,17178165590,"Ахметшина","Ралина","Раниловна","ж","2008-05-07",null,9,9,40,100,"участник",null,"Галимуллина Римма Кадымовна","Муниципальное бюджетное общеобразовательное учреждение \"Средняя общеобразовательная школа №12\" города Набережные Челны Республики Татарстан"]
[24,16224120517,"Ахметзянов","Никита","Евгеньевич","м","2008-08-04",null,9,9,19,100,"участник",null,"Галимуллина Римма Кадымовна","Муниципальное бюджетное общеобразовательное учреждение \"Средняя общеобразовательная школа №12\" города Набережные Челны Республики Татарстан"]
[25,16144900851,"Батыршин","Рамиль","Маратович","м","2008-08-06",null,9,9,5,100,"участник",null,"Галимуллина Римма Кадымовна","Муниципальное бюджетное общеобразовательное учреждение \"Средняя общеобразовательная школа №12\" города Набережные Челны Республики Татарстан"]
[26,16985058628,"Муллин","Наиль","Ринатович","м","2008-04-18",null,9,9,45,100,"участник",null,"Галимуллина Римма Кадымовна","Муниципальное бюджетное общеобразовательное учреждение \"Средняя общеобразовательная школа №12\" города Набережные Челны Республики Татарстан"]
[27,14846612081,"Губаева","Алия","Найлевна","ж","2008-11-09",null,9,9,26,100,"участник",null,"Галимуллина Римма Кадымовна","Муниципальное бюджетное общеобразовательное учреждение \"Средняя общеобразовательная школа №12\" города Набережные Челны Республики Татарстан"]
[28,14968741828,"Мариничева","Алина","Сергеевна","ж","2008-01-15",null,9,9,23,100,"участник",null,"Галимуллина Римма Кадымовна","Муниципальное бюджетное общеобразовательное учреждение \"Средняя общеобразовательная школа №12\" города Набережные Челны Республики Татарстан"]
[29,16160796773,"Кашапов","Райнур","Васимович","м","2008-10-01",null,9,9,34,100,"участник",null,"Галимуллина Римма Кадымовна","Муниципальное бюджетное общеобразовательное учреждение \"Средняя общеобразовательная школа №12\" города Набережные Челны Республики Татарстан"]
[30,16224122016,"Хазиев","Камиль","Ленарович","м","2008-07-29",null,9,9,13,100,"участник",null,"Галимуллина Римма Кадымовна","Муниципальное бюджетное общеобразовательное учреждение \"Средняя общеобразовательная школа №12\" города Набережные Челны Республики Татарстан"]
[31,14997890555,"Шарафутдинов","Адель","Айратович","м","2008-03-20",null,9,9,28,100,"участник",null,"Галимуллина Римма Кадымовна","Муниципальное бюджетное общеобразовательное учреждение \"Средняя общеобразовательная школа №12\" города Набережные Челны Республики Татарстан"]
[32,15851638694,"Будулич","Валерия","Александровна","ж","2009-09-29",null,8,8,18,100,"участник",null,"Харитонова Алия Сиреневна","Муниципальное бюджетное общеобразовательное учреждение \"Средняя общеобразовательная школа №12\" города Набережные Челны Республики Татарстан"]
[33,17420276752,"Галина","Лера","Антоновна","ж","2009-05-11",null,8,8,4,100,"участник",null,"Харитонова Алия Сиреневна","Муниципальное бюджетное общеобразовательное учреждение \"Средняя общеобразовательная школа №12\" города Набережные Челны Республики Татарстан"]
[34,16985056826,"Домолазова","Виолетта","Алексеевна","ж","2009-09-13",null,8,8,17,100,"участник",null,"Харитонова Алия Сиреневна","Муниципальное бюджетное общеобразовательное учреждение \"Средняя общеобразовательная школа №12\" города Набережные Челны Республики Татарстан"]
[35,17631784089,"Клементьев","Михаил","Климович","ж","2009-06-21",null,8,8,18,100,"участник",null,"Харитонова Алия Сиреневна","Муниципальное бюджетное общеобразовательное учреждение \"Средняя общеобразовательная школа №12\" города Набережные Челны Республики Татарстан"]
[36,16780094391,"Мурзаева","Азалия","Ильдаровна","ж","2009-09-18",null,8,8,18,100,"участник",null,"Харитонова Алия Сиреневна","Муниципальное бюджетное общеобразовательное учреждение \"Средняя общеобразовательная школа №12\" города Набережные Челны Республики Татарстан"]
[37,15461082146,"Никитина","Алиса","Сергеевна","ж","2009-03-01",null,8,8,17,100,"участник",null,"Харитонова Алия Сиреневна","Муниципальное бюджетное общеобразовательное учреждение \"Средняя общеобразовательная школа №12\" города Набережные Челны Республики Татарстан"]
[38,17815982418,"Петухова","Анжелика","Юрьевна","ж","2009-07-16",null,8,8,13,100,"участник",null,"Харитонова Алия Сиреневна","Муниципальное бюджетное общеобразовательное учреждение \"Средняя общеобразовательная школа №12\" города Набережные Челны Республики Татарстан"]
[39,16196124065,"Соловьев","Артем","Вячеславович","м","2008-10-01",null,8,8,17,100,"участник",null,"Харитонова Алия Сиреневна","Муниципальное бюджетное общеобразовательное учреждение \"Средняя общеобразовательная школа №12\" города Набережные Челны Республики Татарстан"]
[40,16737347197,"Фокина","Арина","Ивановна","ж","2009-12-11",null,8,8,22,100,"участник",null,"Харитонова Алия Сиреневна","Муниципальное бюджетное общеобразовательное учреждение \"Средняя общеобразовательная школа №12\" города Набережные Челны Республики Татарстан"]
[41,17247611268,"Хаертдинова","Камила","Юлдусовна","ж","2009-08-11",null,8,8,41,100,"участник",null,"Харитонова Алия Сиреневна","Муниципальное бюджетное общеобразовательное учреждение \"Средняя общеобразовательная школа №12\" города Набережные Челны Республики Татарстан"]
[42,17328036462,"Хайруллина","Диана","Руслановна","ж","2009-04-17",null,8,8,45,100,"участник",null,"Харитонова Алия Сиреневна","Муниципальное бюджетное общеобразовательное учреждение \"Средняя общеобразовательная школа №12\" города Набережные Челны Республики Татарстан"]
[43,17611337658,"Батаева","Энже","Данисовна","ж","2010-07-19",null,7,7,11,80,"участник",null,"Харитонова Алия Сиреневна","Муниципальное бюджетное общеобразовательное учреждение \"Средняя общеобразовательная школа №12\" города Набережные Челны Республики Татарстан"]
[44,16206520834,"Гимазов","Карим","Ринатович","м","2010-09-09",null,7,7,23,80,"участник",null,"Харитонова Алия Сиреневна","Муниципальное бюджетное общеобразовательное учреждение \"Средняя общеобразовательная школа №12\" города Набережные Челны Республики Татарстан"]
[45,16329232661,"Камалова","Ралина","Рамилевна","ж","2010-10-10",null,7,7,12,80,"участник",null,"Харитонова Алия Сиреневна","Муниципальное бюджетное общеобразовательное учреждение \"Средняя общеобразовательная школа №12\" города Набережные Челны Республики Татарстан"]
[46,15980564913,"Минтагирова","Айсылу","Ленаровна","ж","2010-04-28",null,7,7,19,80,"участник",null,"Харитонова Алия Сиреневна","Муниципальное бюджетное общеобразовательное учреждение \"Средняя общеобразовательная школа №12\" города Набережные Челны Республики Татарстан"]
[47,17624609787,"Зарипов","Тимур","Ильдарович","м","2010-09-08",null,7,7,8,80,"участник",null,"Харитонова Алия Сиреневна","Муниципальное бюджетное общеобразовательное учреждение \"Средняя общеобразовательная школа №12\" города Набережные Челны Республики Татарстан"]
[48,15779390123,"Заманова","Азалия","Ильнуровна","ж","2010-01-15",null,7,7,20,80,"участник",null,"Харитонова Алия Сиреневна","Муниципальное бюджетное общеобразовательное учреждение \"Средняя общеобразовательная школа №12\" города Набережные Челны Республики Татарстан"]
[49,17342710656,"Назарова","Амалия","Руслановна","ж","2010-01-25",null,7,7,20,80,"участник",null,"Харитонова Алия Сиреневна","Муниципальное бюджетное общеобразовательное учреждение \"Средняя общеобразовательная школа №12\" города Набережные Челны Республики Татарстан"]
[50,15902060140,"Салахиев","Дамир","Ильнурович","м","2010-03-31",null,7,7,21,80,"участник",null,"Харитонова Алия Сиреневна","Муниципальное бюджетное общеобразовательное учреждение \"Средняя общеобразовательная школа №12\" города Набережные Челны Республики Татарстан"]
[51,16917171289,"Хузятова","Раиля","Радиковна","м","2010-02-15",null,7,7,21,80,"участник",null,"Харитонова Алия Сиреневна","Муниципальное бюджетное общеобразовательное учреждение \"Средняя общеобразовательная школа №12\" города Набережные Челны Республики Татарстан"]
[52,16170469461,"Шавалеева","Мадина","Азатовна","ж","2010-06-19",null,7,7,0,80,"участник",null,"Харитонова Алия Сиреневна","Муниципальное бюджетное общеобразовательное учреждение \"Средняя общеобразовательная школа №12\" города Набережные Челны Республики Татарстан"]
[53,17194774001,"Галиева","Адиля","Руслановна","ж","2011-01-06",null,6,6,25,80,"участник",null,"Харитонова Алия Сиреневна","Муниципальное бюджетное общеобразовательное учреждение \"Средняя общеобразовательная школа №12\" города Набережные Челны Республики Татарстан"]
[54,16520122623,"Иванов","Адель","Эдуардович","м","2011-03-06",null,6,6,22,80,"участник",null,"Харитонова Алия Сиреневна","Муниципальное бюджетное общеобразовательное учреждение \"Средняя общеобразовательная школа №12\" города Набережные Челны Республики Татарстан"]
[55,16547849617,"Зямилова","Эльвина","Ильнаровна","ж","2011-04-17",null,6,6,11,80,"участник",null,"Харитонова Алия Сиреневна","Муниципальное бюджетное общеобразовательное учреждение \"Средняя общеобразовательная школа №12\" города Набережные Челны Республики Татарстан"]
[56,16863711096,"Даминова","Малика","Рустемовна","ж","2011-10-07",null,6,6,35,80,"участник",null,"Харитонова Алия Сиреневна","Муниципальное бюджетное общеобразовательное учреждение \"Средняя общеобразовательная школа №12\" города Набережные Челны Республики Татарстан"]
[57,16653991916,"Сагутдинов","Самат","Риязович","м","2011-06-04",null,6,6,14,80,"участник",null,"Харитонова Алия Сиреневна","Муниципальное бюджетное общеобразовательное учреждение \"Средняя общеобразовательная школа №12\" города Набережные Челны Республики Татарстан"]
[58,16769140809,"Сайфутдинов","Риналь","Рифович","м","2011-07-19",null,6,6,37,80,"участник",null,"Харитонова Алия Сиреневна","Муниципальное бюджетное общеобразовательное учреждение \"Средняя общеобразовательная школа №12\" города Набережные Челны Республики Татарстан"]
[59,16756633407,"Хакимова","Ильвина","Руслановна","ж","2011-06-26",null,6,6,19,80,"участник",null,"Харитонова Алия Сиреневна","Муниципальное бюджетное общеобразовательное учреждение \"Средняя общеобразовательная школа №12\" города Набережные Челны Республики Татарстан"]
[60,"16973400597","Ахметвалеева","Диляра","Ильгизовна","ж","2011-12-16",null,5,5,26,80,"участник",null,"Харитонова Алия Сиреневна","Муниципальное бюджетное общеобразовательное учреждение \"Средняя общеобразовательная школа №12\" города Набережные Челны Республики Татарстан"]
[61,17053790468,"Лобановская","Анастасия","Олеговна","ж","2012-02-12",null,5,5,24,80,"участник",null,"Харитонова Алия Сиреневна","Муниципальное бюджетное общеобразовательное учреждение \"Средняя общеобразовательная школа №12\" города Набережные Челны Республики Татарстан"]
[62,17449490104,"Торгашов","Владислав","Владимирович","м","2012-11-16",null,5,5,26,80,"участник",null,"Харитонова Алия Сиреневна","Муниципальное бюджетное общеобразовательное учреждение \"Средняя общеобразовательная школа №12\" города Набережные Челны Республики Татарстан"]
[63,17236225959,"Петрова","Кристина","Александровна","ж","2012-06-14",null,5,5,11,80,"участник",null,"Харитонова Алия Сиреневна","Муниципальное бюджетное общеобразовательное учреждение \"Средняя общеобразовательная школа №12\" города Набережные Челны Республики Татарстан"]
[64,17496788043,"Чекмарева","Василиса","Руслановна","ж","2012-12-15",null,5,5,8,80,"участник",null,"Харитонова Алия Сиреневна","Муниципальное бюджетное общеобразовательное учреждение \"Средняя общеобразовательная школа №12\" города Набережные Челны Республики Татарстан"]
[65,17227805471,"Шашкин","Владимир","Александрович","м","2012-05-24",null,5,5,16,80,"участник",null,"Харитонова Алия Сиреневна","Муниципальное бюджетное общеобразовательное учреждение \"Средняя общеобразовательная школа №12\" города Набережные Челны Республики Татарстан"]
{"$rows_empty":14}
[{"$nulls":14},"ХаритоноваА.С."]
[{"$nulls":14},"ХаритоноваА.С."]
[{"$nulls":14},"ХаритоноваА.С."]
[{"$nulls":14},"ХаритоноваА.С."]
[{"$nulls":14},"ХаритоноваА.С."]
[{"$nulls":14},"ХаритоноваА.С."]
[{"$nulls":14},"ХаритоноваА.С."]
[{"$nulls":14},"ХаритоноваА.С."]
[{"$nulls":14},"ХаритоноваА.С."]
[{"$nulls":14},"ХаритоноваА.С."]
[{"$nulls":14},"ХаритоноваА.С."]
[{"$nulls":14},"ХаритоноваА.С."]
[{"$nulls":14},"ХаритоноваА.С."]
[{"$nulls":14},"ХаритоноваА.С."]
[{"$nulls":14},"ХаритоноваА.С."]
[{"$nulls":14},"ХаритоноваА.С."]
[{"$nulls":14},"ХаритоноваА.С."]
[{"$nulls":14},"ХаритоноваА.С."]
[{"$nulls":14},"ХаритоноваА.С."]
[{"$nulls":14},"ХаритоноваА.С."]
[{"$nulls":14},"ХаритоноваА.С."]
[{"$nulls":14},"ХаритоноваА.С."]
[{"$nulls":14},"ХаритоноваА.С."]
[{"$nulls":14},"ХаритоноваА.С."]
[{"$nulls":14},"ХаритоноваА.С."]
[{"$nulls":14},"ХаритоноваА.С."]
[{"$nulls":14},"ХаритоноваА.С."]
[{"$nulls":14},"ХаритоноваА.С."]
[{"$nulls":14},"ХаритоноваА.С."]
[{"$nulls":14},"ХаритоноваА.С."]
[{"$nulls":14},"ХаритоноваА.С."]
[{"$nulls":14},"ХаритоноваА.С."]
[{"$nulls":14},"ХаритоноваА.С."]
[{"$nulls":14},"ХаритоноваА.С."]

{"sheet":"data","index":1,"n_rows":25,"n_cols":3,"rows_kept":25,"hidden":true}
[]
["Техника, технология и техническое творчество .  Ручная обработка древесины"]
["Техника, технология и техническое творчество .  Ручная обработка металла"]
["Техника, технология и техническое творчество .  Механическая обработка древесины"]
["Техника, технология и техническое творчество .  Механическая обработка металла"]
["Техника, технология и техническое творчество .  Электротехника"]
["Техника, технология и техническое творчество .  Робототехника"]
["Техника, технология и техническое творчество .  3d - моделирование и печать"]
["Техника, технология и техническое творчество .  Обработка материалов на лазерно-гравировальной машине"]
["Техника, технология и техническое творчество .  Промышленный дизайн"]
["Культура дома, дизайн и технологии .  Обработка швейного изделия или узла + моделирование швейных изделий"]
["Культура дома, дизайн и технологии .  Обработка швейного изделия или узла + моделирование швейных изделий с использованием графических редакторов"]
["Культура дома, дизайн и технологии .  Обработка швейного изделия или узла на швейно-вышивальном оборудовании + моделирование швейных изделий"]
["Культура дома, дизайн и технологии .  Обработка швейного изделия или узла на швейно-вышивальном оборудовании + моделирование швейных изделий с использованием графических редакторов"]
["Культура дома, дизайн и технологии .  Робототехника"]
["Культура дома, дизайн и технологии .  3d - моделирование и печать"]
["Культура дома, дизайн и технологии .  Обработка материалов на лазерно-гравировальной машине"]
["Культура дома, дизайн и технологии .  Промышленный дизайн"]
["Роботехника .  "]
["Информационная безопасность ."]
[]
[]
["участник"]
["призер",null,"да"]
["победитель"]